| 000 | 00867nam a22002417a 4500 | ||
|---|---|---|---|
| 001 | 3703 | ||
| 003 | FISKH | ||
| 005 | 20240423094152.0 | ||
| 008 | 240423b cb ||||| |||| 00| 0 eng d | ||
| 040 |
_aFISK _beng _cFISK _dFISK |
||
| 050 | _aPZ7.S68522 | ||
| 082 | _a813.54 | ||
| 100 |
_aSnyder Keatley Zilpha _d1927-2014 |
||
| 245 |
_aThe trespassers / _cZilpha Keatley Snyder |
||
| 260 |
_aNew York : _bZilpha Keatley Snyder, _c1996 |
||
| 300 |
_a200 pages : _c20 cm |
||
| 505 | _aU | ||
| 520 | _aHaving trespassed and explored the empty Hutchinson mansion, which seems haunted by the presence of a long-dead young girl, sixth grader Neely and her little brother become regular visitors when emotionally disturbed Curtis Hutchinson moves in. | ||
| 521 | 8 |
_a950 _bLexile |
|
| 700 | _aZilpha Keatley Snyder | ||
| 942 |
_2lcc _cBK _n0 |
||
| 999 |
_c3703 _d3703 |
||